000 00615nam a2200229Ia 4500
003 OSt
005 20220925231845.0
006 a|||||r|||| 00| 0
007 ta
008 220923b |||||||| |||| 00| 0 eng d
020 _a1557865981
037 _cGeneral Book
040 _aRTL
_cRTL
_beng
041 _2eng
_aeng
082 _aYxN01J:g, N6
100 _aFarred Grant Ed.
_9296263
245 0 _aRethinking C L R James
260 _aMassachusetts
_bBlackwell
_c1996
300 _aviii,225p
_ccm.
942 _hYxN01J:g, N6
_cGB
_2CC
999 _c589653
_d589653